000
00186 a2200097 4500
001
23635
100
_a
Horn, K.R.V
245
_a
Aluminum
260
_a
_b
A.S.M
_c
090
_c
16017
_d
16017
942
_a
NUST-CAE
_c
M
_c
6689
999
_c
258708
_d
258708